[Event "Skopje op 18th"]
[Site "Skopje"]
[Date "2002.01.22"]
[Round "8"]
[White "Graf, Alexander"]
[Black "Dizdarevic, Emir"]
[Result "1-0"]
[WhiteElo "2605"]
[BlackElo "2502"]
[Annotator "Meulders,R"]
[PlyCount "67"]
[EventDate "2002.01.15"]
[EventType "swiss"]
[EventRounds "9"]
[EventCountry "MKD"]
[SourceTitle "CBM 088"]
[Source "ChessBase"]
[SourceDate "2002.03.21"]
[SourceVersion "1"]
[SourceVersionDate "2002.03.21"]
[SourceQuality "1"]

1. d4 {Wells} Nf6 2. c4 d6 3. Nc3 e5 4. Nf3 e4 5. Nd2 Qe7 6. Nb3 (6. e3) 6...
c6 7. Bg5 Bf5 8. e3 Nbd7 9. Be2 Qd8 10. g4 {'!' Wells.} Bg6 11. h4 h6 12. Bf4
d5 13. Nd2 Nb6 $2 ({Schwarz hätte sich weiter entwickeln sollen.} 13... Bb4 $1
14. Qb3 Qa5 15. a3 Bxc3 16. bxc3 Qb6 17. Rb1 Qxb3 18. Rxb3 $14) 14. Qb3 {
[%csl Rb6,Rb7][%cal Gb3b7]} dxc4 15. Nxc4 $16 Nfd5 $2 {Nach diesem zweiten
Tempoverlust geht Weiß kräftig los..} (15... Be7 16. Ne5 $16) (15... Nxc4 16.
Bxc4 b5 17. Be2 Bd6 18. Bxd6 Qxd6 19. O-O-O b4 20. Na4 O-O 21. g5 $16) 16. Nxb6
Nxb6 (16... axb6 17. Nxd5 cxd5 18. Bb5+ Ke7 19. Rc1 $18) 17. d5 $1 {Wells:
'Its nice that white's king-side expansion forced black's forces into bad
positions which then enables a central breakthrough. Textbook stuff!' Weil
Schwarz nicht gut entwickelt ist, will Weiß schnellstens Linien öffnen.} Be7 (
17... Nxd5 18. Qxb7 Qc8 19. Ba6 $1 $18) 18. O-O-O $16 Qc8 19. d6 Bd8 20. h5 Bh7
21. g5 $5 {So wird die kurze Rochade für Schwarz unattraktiv .} (21. Qb4 O-O
22. Nxe4 $2 c5 23. Nxc5 Nd7 $19) 21... hxg5 (21... Bxg5 $5 22. Bxg5 hxg5 23. h6
$1 gxh6 24. Rxh6 Qf5 25. Nxe4 $1 Qxe4 26. Bd3 Qf3 27. Bxh7 O-O-O (27... Qxf2
28. Qc3 O-O-O 29. Bf5+ Qxf5 30. Rxh8 $18) 28. Qc3 {und der weisse Vorteil ist
nur minimal.}) 22. h6 Bf6 $2 (22... gxh6 23. Be5 O-O 24. Rxh6 Qf5 25. Bg3 Bg6
26. Rdh1 $16) 23. hxg7 (23. Bxg5 $1 {ist auch gut.} Bxg5 24. hxg7 $18) 23...
Bxg7 24. Rxh7 $3 {Sehr hübsch: Schwarz wird zwangsläufig auseinander genommen.}
Rxh7 25. d7+ Nxd7 26. Nxe4 Rh6 (26... Bf8 27. Bg4 $18) 27. Bxg5 $18 Nc5 28.
Nxc5 Qf5 29. Qxb7 Qxc5+ 30. Kb1 Qf5+ 31. Ka1 Bxb2+ 32. Kxb2 Qe5+ 33. Kc2 Qf5+
34. Kb3 1-0

[Event "EU-Cup 18th"]
[Site "Kallithea"]
[Date "2002.09.25"]
[Round "4.1"]
[White "Borovikov, Vladislav"]
[Black "Hickl, Joerg"]
[Result "1-0"]
[WhiteElo "2570"]
[BlackElo "2602"]
[Annotator "Meulders,R"]
[PlyCount "59"]
[EventDate "2002.09.22"]
[EventType "team-swiss"]
[EventRounds "7"]
[EventCountry "GRE"]
[SourceTitle "CBM 092"]
[Source "ChessBase"]
[SourceDate "2003.02.06"]
[SourceVersion "1"]
[SourceVersionDate "2003.02.06"]
[SourceQuality "1"]
[WhiteTeam "Momot Alexander"]
[BlackTeam "Hohenems"]
[WhiteTeamCountry "UKR"]
[BlackTeamCountry "AUT"]

1. d4 d6 2. Nf3 Nf6 3. c4 Nbd7 4. Nc3 e5 5. Bg5 Be7 6. e3 Ng8 $2 {Tja, wenn's
so leicht wäre.... Schwarz tauscht den schlechten Läufer, aber zu welchem
Preis: die Entwicklung wird vernachlässigt und auch nachher gewinnt Weiss noch
einige Tempi. Und wer den Gesetzen der Schwerkraft trotzt, fällt um, auch mit
2600+ Elo.} (6... O-O) 7. Bxe7 Nxe7 8. Qc2 $14 O-O $6 (8... exd4 9. exd4 Nf6 {
[%cal Gc8f5,Gf5g4] erscheint logisch: +=}) 9. dxe5 Nxe5 (9... dxe5 10. O-O-O
Nc6 11. Bd3 g6 12. Be4 $18) 10. Nxe5 dxe5 11. Rd1 Qe8 12. Be2 Be6 13. O-O Rd8
14. Qb3 $14 {Weiss hat eine klare Initiative, die auf natürliche Weise
zustande gekommen ist nach der dubiösen Zug 6...Ng8.} Qc6 15. Qa3 {[%csl Ra7,
Re7]} Ng6 (15... Nf5 16. Bf3 Qxc4 17. Bxb7 c5 18. Qxa7 Qb4 19. Rxd8 Rxd8 20.
Rb1 h6 21. a3 Qb3 22. Bc6 Qc2 23. Be4 Qb3 24. Qxc5 $18) 16. Bf3 $1 {[%csl Ra7,
Rb7]} Qxc4 (16... Qb6 17. c5 Qa6 18. Qxa6 bxa6 19. Nd5 Bxd5 20. Bxd5 $16) 17.
Bxb7 $16 c6 (17... Rb8 18. Qxa7 Qb4 19. Bd5 $16) (17... c5) 18. Qa5 $1 {
[%csl Ra7,Rc4,Rc6,Rd8] /\ b3} Rxd1 19. Rxd1 c5 20. Qxa7 Qb4 21. Rb1 Bf5 22. a3
Qg4 (22... Qb3 23. Bd5 c4 24. e4 Be6 25. Bxe6 fxe6 26. Qa6 Nf4 27. Qd6 $18 {
[%csl Re5,Re6]}) 23. Bf3 Qc4 24. Be2 Qb3 25. e4 Be6 26. Qxc5 $18 Rb8 27. Bf1 h5
28. a4 Qc2 29. a5 Ba2 30. Ra1 {Eine Partie in der Schwarz gar nichts zu
bestellen hatte.} (30. Ra1 Bb3 31. Qc7 Rf8 32. a6 Qxb2 33. Ra5 Qc1 34. a7 $18)
1-0

[Event "RUS-ch 53rd"]
[Site "Samara"]
[Date "2000.06.20"]
[Round "4"]
[White "Ivanov, Sergey"]
[Black "Varavin, Viktor"]
[Result "1/2-1/2"]
[WhiteElo "2543"]
[BlackElo "2410"]
[Annotator "Meulders,R"]
[PlyCount "95"]
[EventDate "2000.06.03"]
[EventType "swiss"]
[EventRounds "11"]
[EventCountry "RUS"]
[SourceTitle "CBM 078"]
[Source "ChessBase"]
[SourceDate "2000.10.18"]
[SourceVersion "1"]
[SourceVersionDate "2000.10.18"]
[SourceQuality "1"]

1. d4 Nf6 2. c4 d6 3. Nf3 Nc6 {Dies wird sehr selten gespielt. Nach 3...g6
kommt es meistens zu den üblichen königsindischen Varianten. Der altindischen
Normalzug ist 3...Nbd7 aber auch 3...Bg4 kommt in Anmerkung.} 4. Nc3 (4. d5 {
ist wahrscheinlich zu ungestüm:} Ne5 5. Nxe5 dxe5 6. g3 (6. Nc3 e6 7. e4 Bc5 8.
Be2 O-O (8... Bd4 9. Qc2 exd5 10. cxd5 O-O 11. O-O c6 12. dxc6 bxc6 13. Bg5 h6
14. Bh4 g5 15. Bg3 Kg7 16. Rad1 Qe7 17. Kh1 Be6 18. f4 Qc5 19. fxg5 hxg5 20.
Qd3 $14 {0-1 Molnar,L-Borsavolgyi,T/HUN 1998/EXT 2000 (32)}) (8... c6 9. dxc6
Bd4 (9... Qb6 10. O-O Qxc6 11. Bg5 Bd7 12. Qc2 a6 13. Bd3 h6 14. Bh4 Nh5 15.
Rab1 a5 16. Nb5 Nf4 17. Kh1 g5 18. Bg3 $14 {0-1 Stepak,Y-Gurevich,G/ISR 1992/
TD (61)}) 10. O-O bxc6 11. Qc2 c5 12. Bg5 h6 13. Bh4 g5 14. Bg3 h5 15. Rad1 Bd7
16. h3 h4 17. Bh2 $16 {1-0 Vanheste,J-Bertholee,R/Enschede 1992/EXT 97 (38)})
9. O-O h6 (9... c6 10. Bg5 h6 11. Bh4 Bd4 12. Bf3 g5 13. Bg3 exd5 14. exd5 cxd5
15. Nxd5 Be6 16. Re1 Bxd5 17. cxd5 Re8 18. Qd3 Qd7 $11 {1/2-1/2 Vragoteris,
A-Zahariev,Z/Heraklio 1993/EXT 99 (42)}) (9... exd5 10. cxd5 Bd4 11. Nb5 Bb6
12. Qc2 Ne8 13. Bd2 Nd6 14. Rac1 Bd7 15. Nxd6 cxd6 16. Qb3 f5 {=/=+1/2-1/2
Uhlmann,W-Lutikov,A/Sarajevo 1969/MCL (33)}) 10. Qd3 (10. Qc2 Bd7 11. a3 a5 12.
b3 c6 13. dxc6 Bxc6 14. Bb2 Rc8 15. Kh1 Qc7 16. f3 Rfd8 17. Nd1 Rd7 $15 {
1/2-1/2 Kevitz,A-Bernstein,S/New York 1955/EXT 2000 (77)}) 10... c6 11. Qg3 Kh8
12. dxc6 bxc6 13. Be3 Bd4 14. Rad1 c5 15. Bxd4 exd4 16. e5 Ng8 17. Ne4 Qc7 18.
f4 $14 {1/2-1/2 Korol,D-Shilin,D/Alushta 1999/CBM 70 ext (64)}) 6... e6 7. Bg2
exd5 8. cxd5 Bc5 9. O-O O-O 10. Nc3 Ne8 11. Qb3 Kh8 12. Bd2 f5 13. Rac1 Bd7 14.
Ne4 Bb6 15. Bg5 Nf6 16. Nc5 Qe7 17. Qa3 $14 {1-0 Touzane,O-Nicholson,J/Ubeda
2000/CBM 75/ (33)}) 4... e5 5. d5 Ne7 6. e4 g6 7. c5 Bg7 8. cxd6 (8. Qa4+ Nd7
9. cxd6 cxd6 10. Be3 O-O 11. Qa3 Nf6 12. Be2 Ng4 13. Bd2 f5 14. O-O Nf6 15. Ng5
h6 16. Ne6 Bxe6 17. dxe6 fxe4 18. Nb5 Nf5 19. Bb4 Ne8 $13 {1-0 Saacke,
B-Kestler,H/GER-S chT 7576 1976/EXT 99 (39)}) 8... cxd6 9. Qa4+ (9. Be2 O-O 10.
Nd2 (10. O-O Bd7 11. Qb3 b6 12. a4 Ne8 13. a5 bxa5 14. Bb5 Rb8 15. Qc4 Bg4 16.
Nd2 Nc7 17. Ba4 Bc8 18. Qa2 Ba6 19. Re1 f5 $15 {1-0 Prudnikova,S-Sokolova,M/
Moscow 1990/TD (45)}) 10... Ne8 11. O-O f5 12. a4 Bh6 13. Nc4 Bxc1 14. Rxc1
fxe4 15. Nxe4 Nf5 16. f4 exf4 17. Rxf4 Qe7 18. Qd2 g5 $2 (18... Bd7) 19. Nxg5
$1 Neg7 20. Ne4 $18 {1-0 Komarov,D-Miroshnichenko,E/Donetsk 1998/CBM 68/
[Meulders] (24)}) (9. Bb5+ Nd7 10. Be3 (10. O-O O-O 11. Be3 f5 12. Ng5 Nf6 13.
Be2 h6 14. Ne6 Bxe6 15. dxe6 fxe4 16. Qb3 b6 17. Rad1 d5 18. Nxd5 Nexd5 19. Bc4
$14 {1-0 Cooper,J-Trois,F/Buenos Aires 1978/EXT 2000 (69)}) 10... O-O 11. Nd2
f5 12. f3 Nf6 13. O-O f4 14. Bf2 g5 15. Be2 Ng6 16. Rc1 Rf7 17. Nc4 $16 {
0-1 Sidorova,E-Faizulin,A/Novosibirsk 1998/EXT 2000 (40)}) 9... Bd7 10. Qb4 Qb8
11. Bb5 O-O 12. Bg5 (12. O-O a6 13. Bxd7 Nxd7 14. Bg5 f6 15. Be3 Rc8 16. Nd2
Nc5 17. Qb6 Nd7 18. Qb4 Nc5 19. a4 $11 {1-0 Gostisa,L-Barle,J/Vrhnika 1995/EXT
98 (37)}) 12... Bxb5 (12... Rd8 13. Bxd7 (13. Nxe5 Bxb5 14. Nxb5 Nexd5 15. exd5
Re8 $1 16. Bxf6 Bxf6 17. O-O Rxe5 18. Rad1 Re2 19. Qxd6 Qd8 $1 $11) 13... Rxd7
14. O-O b5 $6 (14... Qd8) 15. Nd2 a5 16. Qxb5 Rb7 17. Qd3 Rxb2 18. Nb3 a4 19.
Bc1 axb3 20. Bxb2 bxa2 21. Qc2 $16 {1-0 Leontiev,A-Gutov,A/Moscow 1996/CBM 55
ext (32)}) 13. Nxb5 Nc8 14. O-O (14. Bxf6 Bxf6 15. Rc1 a6 16. Nc7 Ra7 17. Qc4
Bd8 18. b4 b5 19. Nxa6 Rxa6 20. Qxc8 Qxc8 21. Rxc8 Rxa2 $17) 14... a6 15. Nc3
h6 16. Be3 Nh5 17. Nd2 f5 $6 {Mutig aber riskant.} (17... b5) (17... Qc7) 18.
exf5 Rxf5 (18... gxf5 19. Qh4 $18) 19. Nce4 $6 {Weiss wagt es nicht die
Ausforderung an zu nehmen. Die Sache is nicht ganz klar, aber ich glaube die
Folgen von g4 sind zugunsten von Weiss.} (19. g4 $5 Rf4 20. Bxf4 Nxf4 21. Qe4
$18 Ne7 22. Rad1 (22. Nc4 b5 23. Ne3 b4 24. Na4 (24. Nb1 Qb5 25. Nd2 Rf8 (25...
Qe2 26. Rad1 Rf8 27. Rfe1 Nh3+ 28. Kg2 Rxf2+ 29. Kg3 Ng5 30. Qh1 $16)) 24...
Qb5 25. b3 Rf8 26. Qc4 $14 (26. Rad1 Qe2 $17)) 22... Qc8 23. Qf3 Qd7 24. Nde4
Rf8 25. Qg3 b5 26. a3 a5 27. b4 axb4 28. axb4 $16) 19... Nf4 20. g3 Nxd5 $6 {
Nochmals sehr kühn gespielt.Wiederum sollte Weiss aber die besseren Chancen
bekommen.} (20... Ne2+ $5 21. Kg2 Nd4 $11) 21. Qb3 Nce7 22. Nc3 e4 $8 23. g4
Bxc3 24. gxf5 Bxd2 25. f6 Qc8 $8 {/\...Qg4+, ...Qf3+=} 26. Bxd2 e3 $1 {Schwarz
verteidigt sich sehr hartnäckig.} 27. f3 $6 {Wahrscheinlich hatte Weiss hier
schon nicht viel Zeit mehr und woltte er mit den König nicht ins offene Feld
spazieren gehen.Es sieht aber so aus als ob der König aller Gefahr entkommen
kann.} (27. fxe3 $5 Qg4+ 28. Kf2 Rf8 29. Ke1 Qh4+ 30. Ke2 Rxf6 31. Rxf6 Qxf6
32. Qxb7 Qe5 33. Rf1 Qxh2+ 34. Kd3 $18) 27... exd2 28. fxe7 Qc5+ 29. Kh1 Qd4
30. Rfd1 $6 {Aller schlechten Dinge sind drei! Weiss hätte wieder aktiver
spielen müssen:} (30. Rg1 $1 Kh7 31. Rg4 Qc5 32. Rd1 $18) 30... Rc8 31. Rxd2 $2
{Zweifellos in Zeitnot verliert Weiss die Nerven und verpatzt seine letzte
Gewinnchance.} (31. Rg1 $1 $18) 31... Qxd2 32. Rd1 Qa5 33. Qxd5+ Qxd5 34. Rxd5
Kf7 $11 35. Rxd6 Re8 36. Kg2 Rxe7 37. Rb6 g5 38. Kg3 Kg7 39. b4 Rf7 40. a4 Kh7
41. a5 Kg7 42. h4 gxh4+ 43. Kxh4 Rxf3 44. Rxb7+ Kf6 45. Kg4 Rf1 46. Kg3 Ke5 47.
Rb6 Rb1 48. Rxa6 1/2-1/2

[Event "Skopje op 18th"]
[Site "Skopje"]
[Date "2002.01.16"]
[Round "2"]
[White "Onischuk, Alexander"]
[Black "Dizdarevic, Emir"]
[Result "0-1"]
[WhiteElo "2655"]
[BlackElo "2502"]
[Annotator "Meulders,R"]
[PlyCount "136"]
[EventDate "2002.01.15"]
[EventType "swiss"]
[EventRounds "9"]
[EventCountry "MKD"]
[SourceTitle "CBM 088"]
[Source "ChessBase"]
[SourceDate "2002.03.21"]
[SourceVersion "1"]
[SourceVersionDate "2002.03.21"]
[SourceQuality "1"]

1. d4 Nf6 2. c4 d6 3. Nc3 e5 4. Nf3 e4 5. Ng5 Qe7 6. Qc2 Nc6 7. e3 Bf5 8. d5
Nb8 9. f3 Nbd7 10. Ngxe4 Bxe4 (10... Nxe4 11. fxe4 Bg6 12. Be2 Ne5 13. O-O a6
14. Bd2 Qd7 15. b3 Be7 16. Bf3 O-O 17. Ne2 Bf6 18. Rac1 Rfe8 19. Ng3 $16 {
1-0 Ivanov,S-Vorotnikov,V/St Petersburg 1997/CBM 58 (38)}) 11. fxe4 g6 12. Nb5
Qd8 13. Bd2 (13. b4 a6 14. Nc3 a5 15. bxa5 Rxa5 16. Be2 Bg7 17. O-O O-O 18. Rb1
Ra7 19. a4 Re8 20. Kh1 Nc5 $11 {/=+, 0-1 Lazarev,V-Strikovic,A/Lisbon 2001/EXT
2002 (53)}) 13... a6 14. Nc3 Bg7 15. Bd3 O-O 16. O-O Qe7 17. b4 Rac8 18. Rab1
Ng4 19. Be2 Nge5 20. Rf4 $2 ({Nach} 20. a4 $1 Rfe8 21. a5 c6 22. Rf2 Bh6 23. g3
{/\h4, Kg2, Rh1, h5 hat Weiss die Initiative.}) 20... Bh6 21. g3 {Weiss möchte
natürlich gerne die Qualität geben um den Riese auf e5 nach exf4 zu vertreiben.
} Nb6 $1 22. Na4 {Jetzt hat Weiss nicht mehr die Zeit a4 zu spielen.} (22. Qb3
$2 Nbxc4 23. Bxc4 Bxf4 24. exf4 Nf3+ $19) 22... Rfe8 {Der weisse Mehrbauer
bedeutet nicht;viel Schwarz steht beinahe gleich.} 23. Rf2 Qd7 (23... Nbxc4 24.
Bxc4 b5 25. Be2 (25. Bb3 bxa4 26. Bxa4 Rf8 27. Rbf1 Ng4 28. Rf3 Ne5 $11) 25...
bxa4 26. Qxa4 c6 27. dxc6 Rxc6 28. Rbf1 $16) 24. Nb2 c6 {[%cal Rc8c2]} (24...
Ng4 25. Rf3 Ne5 26. Rf2 Ng4 27. Bxg4 Qxg4 28. Rbf1 $14) 25. Qb3 {[%csl Rb6]
[%cal Gb3b6]} cxd5 26. exd5 Ng4 27. Bxg4 Qxg4 28. Rbf1 $6 (28. c5 Qe4 29. Rbf1
dxc5 30. bxc5 Nxd5 31. Nc4 $16 {[%csl Rb7,Rd6,Rf7][%cal Gc4d6]}) (28. Rc1 $1 {
/\a4,a5 und Weiss steht besser.}) 28... Nxc4 29. Nxc4 Qxc4 30. Qxc4 Rxc4 31.
Rxf7 Rc2 {[%csl Rd2] Schwarz hat noch immer einen Bauer weniger, aber seine
Figuren stehen aktiver trotz des weissen Turmes auf die 7te Reihe.} 32. R7f2
Rxa2 $15 33. Kg2 Re5 $1 $17 {Schwarz steht optimal.} 34. Bc1 {[%csl Rc1]} Rxf2+
35. Rxf2 Bf8 $1 (35... Rxd5 $4 36. e4 Rh5 37. g4 Rh4 38. Bxh6 Rxh6 39. Rf6 Kg7
40. Rxd6 g5 41. Rd7+ $18) 36. Rc2 Rxd5 {Schwarz steht auf Gewinn.} 37. Rc4 Rb5
38. e4 Kf7 39. Bd2 a5 $1 40. Kf3 (40. bxa5 $2 Rb2 41. Rd4 Bh6 $19) 40... axb4
41. Bxb4 Be7 42. Bd2 Rb2 43. Bf4 g5 44. Bc1 Rxh2 45. Rc7 Ke6 46. Rxb7 h5 $19
47. Rxe7+ {Auch so kann Weiss sich nicht retten.} Kxe7 48. Bxg5+ Ke6 49. Bf4
Ra2 50. Ke3 Ra3+ 51. Kf2 Rb3 52. Kg2 Rd3 53. Kf2 d5 54. exd5+ Kxd5 55. Kg2 Ke4
56. Kh3 Kf5 57. Bc7 (57. Kh4 Rd1 {[%csl Rh4][%cal Gd1h1]}) 57... Rd4 58. Bf4
Rb4 59. Kg2 Rd4 (59... Kg4) 60. Be3 Rd3 61. Kf3 Rb3 62. Ke2 Kg4 63. Bf2 Kh3 64.
Kf1 Kh2 65. Be1 Rf3+ 66. Bf2 Rf7 67. Ke2 Kg2 68. Be1 Rf3 (68... Rf3 69. Kd1
Rxg3 70. Bxg3 Kxg3 71. Ke2 Kg2 {[%cal Gh5h1]}) 0-1

[Event "Mario Covas 3rd"]
[Site "Santos"]
[Date "2003.04.28"]
[Round "8"]
[White "Morovic Fernandez, Ivan"]
[Black "Hoffman, Alejandro"]
[Result "1-0"]
[WhiteElo "2551"]
[BlackElo "2485"]
[Annotator "Meulders,R"]
[PlyCount "99"]
[EventDate "2003.04.22"]
[EventType "tourn"]
[EventRounds "10"]
[EventCountry "BRA"]
[EventCategory "12"]
[SourceTitle "CBM 095"]
[Source "ChessBase"]
[SourceDate "2003.07.25"]
[SourceVersion "1"]
[SourceVersionDate "2003.07.25"]
[SourceQuality "1"]

1. d4 d6 2. Nf3 Nf6 3. c4 Nbd7 4. Nc3 e5 5. Bg5 Be7 6. e3 O-O 7. Be2 c6 8. Qc2
Ne8 {So tauschen beide Seiten ihren schlechten Läufer} 9. Bxe7 Qxe7 10. O-O f5
(10... Nc7 11. b4 Nf6 12. a4 (12. Rfd1) (12. Bd3) 12... Re8 13. a5 Bg4 14. dxe5
$6 {Es gab kein Grund das Zentrum auf zu geben.} (14. h3 Bxf3 15. Bxf3 e4 16.
Be2 d5 $11) 14... dxe5 15. b5 e4 16. Nd4 c5 17. Nb3 Qe5 {und Schwarz hat kein
einziges Problem. 0-1 Polgar,Z-Lobron,E/New York 1985/MCD (46)}) (10... Ndf6
11. Rac1 Bg4 12. Rfd1 Nc7 13. h3 Bh5 14. Nh4 Bxe2 15. Nf5 Qe6 16. Nxe2 {
1/2-1/2 Del Rey,D-Belezky,S/Lorca 2001/EXT 2002 (49)}) 11. b4 g5 $6 12. c5 d5
13. Nxe5 Nxe5 14. dxe5 Qxe5 15. Qd2 f4 16. Rad1 Nc7 17. e4 Be6 18. Qd4 Qxd4 19.
Rxd4 Bf7 {[%csl Rc7] Die Stellung ist allmählich ausgeglichen, obwohl Weiß
noch ein wenig besser steht weil er besser entwickelt ist und der schwarze Nc7
nur defensiv operiert.} 20. exd5 (20. Rfd1 a5 21. a3 Ne6 $11) 20... Nxd5 21.
Ne4 h6 22. Bc4 Kh8 {[%csl Gd6]} (22... Kg7 23. Nd6 $1 Rab8 24. Re1 {und Weiß
steht klar besser.}) 23. Nd6 $16 {[%csl Gb7,Gf7]} Nc3 {[%csl Re2][%cal Gc4e2,
Ge2e7]} 24. Nxf7+ Rxf7 25. Re1 $18 (25. Bxf7 Ne2+ 26. Kh1 Nxd4 27. Rd1 Nc2 $15)
25... Nd5 $6 (25... Rh7 {[%csl Ra8,Rc3,Rh7] Der Läufer ist dem Springer
überlegen und die weißen Türme stehen aktiver. Der weiße Vorteil ist klar,
weil jede weiße Figur besser streht als jede schwarze. Schwarz entscheidet
sich daher einen P zu opfern.}) 26. Bxd5 Rd7 27. Re6 Rad8 28. Rxh6+ Kg7 29. Rh5
Kf6 30. h4 $1 {[%csl Gd4,Rd5,Rf4] Man soll dem Gegner keine Ruhe gönnen.} Rxd5
31. Rxd5 Rxd5 32. Rxg5 Rd1+ 33. Kh2 Rd2 {[%cal Gd2a2,Gd2f2]} 34. f3 Rxa2 35.
Rg4 $1 Kf5 36. Rg7 {Weiß hat einen gesunden P mehr, und die schwarzen P am
Damenflügel sind verurteilt. Weiß steht auf Gewinn.} a5 $1 37. Rf7+ Ke5 38.
Rxb7 axb4 39. Rxb4 Rc2 40. Kh3 Kf5 41. Rb8 Rxc5 $18 42. Rf8+ Ke5 43. Rg8 Rc2
44. h5 Ra2 45. h6 Ra7 46. Rg7 Ra8 47. h7 Rh8 48. Kg4 c5 49. Kg5 c4 50. Kg6 1-0

[Event "Bundesliga 0001"]
[Site "Germany"]
[Date "2001.03.11"]
[Round "11.4"]
[White "Buhmann, Rainer"]
[Black "Espig, Lutz"]
[Result "1-0"]
[WhiteElo "2416"]
[BlackElo "2401"]
[Annotator "Meulders,R"]
[PlyCount "113"]
[EventDate "2000.10.14"]
[EventType "team-tourn"]
[EventRounds "15"]
[EventCountry "GER"]
[SourceTitle "CBM 082"]
[Source "ChessBase"]
[SourceDate "2001.05.17"]
[SourceVersion "1"]
[SourceVersionDate "2001.05.17"]
[SourceQuality "1"]
[WhiteTeam "Baiertal/Schatthausen"]
[BlackTeam "Koenig Plauen"]
[WhiteTeamCountry "GER"]
[BlackTeamCountry "GER"]

1. d4 d6 2. Nf3 Nf6 3. c4 Nbd7 4. Nc3 e5 5. Bg5 Be7 6. e3 Ng8 7. Bxe7 Qxe7 (
7... Nxe7 8. Be2 (8. Qc2 Nc6 9. Be2 O-O 10. dxe5 Ncxe5 11. O-O-O a5 12. h4 Nxf3
13. gxf3 Nc5 14. Rhg1 Be6 15. Nb5 $11 {0-1 Ribli,Z-Hickl,J/Dortmund 1987/CBM
02 (64)}) 8... O-O (8... Nc6 {8...0-0 9.0-0, exd4 10.Nxd4, Nc6 11.Nd5!, Nxd4
12.Qxd4, a5 13.f4, Re8 14.Bf3, Nc5 15.e4 +/= Gulko-Kochiev Lvov 1978 i 25/122}
9. O-O O-O 10. Re1 {10.Rc1, exd4 11.Nxd4, Nxd4 12.Qxd4, a5 13.f4, Nc5 14.Bf3,
Bd7 15.Bd5, Kh8 16.Rce1, f5 17.Bf3, Bc6 18.Bxc6, bxc6 19.e4, fxe4 20.Nxe4,
Nxe4 21.Rxe4, Qd7 22.Rfe1} exd4 11. Nxd4 Nxd4 12. Qxd4 a5 13. f4 Nc5 14. Bf3
Bd7 15. Bd5 Kh8 $1 16. Rad1 $14 {1-0 Gulko,B-Hickl,J/Munich 1990/CBM 18/[Ribli]
(41)}) 9. O-O exd4 10. Nxd4 Nc6 11. Nd5 Nxd4 12. Qxd4 $14 {Gulko,B-Kochiyev,A/
Lvov/1978/INF25,122/}) 8. Nb5 $5 {Logisch aber sehr selten gespielt.} (8. Be2
Ngf6 9. Qc2 O-O 10. h3 c6 11. g4 $5 exd4 (11... e4 $2 12. Nd2 d5 13. cxd5 cxd5
14. g5 Ne8 15. Nxd5 Qxg5 16. Nf4 $18) 12. exd4 $5 Re8 13. O-O-O Nf8 14. Rhe1 $1
Qd8 15. Bd3 Rxe1 16. Rxe1 a6 17. Ng5 $14) 8... Qd8 9. c5 $1 {Weiss hält die
Initiative fest.} a6 10. Qa4 $1 e4 11. cxd6 $1 {Ein sehr chancenreiches Opfer.}
axb5 12. Qxa8 exf3 13. dxc7 Qxc7 14. gxf3 $16 {Weiss hat schon einen R + 2P
für die Springer und auch der Pb5 wird genommen werden.} Ne7 15. Qa3 Qc6 16.
Rg1 Qf6 {Sonst kann Schwarz die Entwicklung nicht beenden.} 17. Bxb5 O-O 18.
Rc1 {[%cal Gc1c8,Gb5d7]} Ng6 19. Rg3 {/\Rxc8, Bx7} Nb6 20. Rc5 Be6 21. Bd3 Ra8
22. Qb4 {[%csl Rb6]} Qd8 23. a3 $16 Ne7 24. Qd2 Nbd5 25. e4 Nf6 26. d5 Bd7 27.
f4 {Obwohl Weiss überlegen steht, kann noch viel schief gehen. Sein König
steht unsicher und der f-Doppelbauer beschränkt die Beweglichkeit.} (27. Qg5
Ng6 28. e5 b6 $1 $15) (27. Qc3 Ng6 28. Rc7 Bc6 $1 $11) 27... Qb6 28. Rc4 Re8 {
[%cal Ge8e1]} 29. Kf1 Bb5 30. Rb4 Bxd3+ 31. Rxd3 (31. Qxd3 $5) 31... Qa6 {
[%cal Ga6f1]} 32. Kg1 $2 {Ein Fehler den Schwarz nicht ungenutzt lässt.} (32.
f3 $5 Ng6 33. Rbd4 Nh5 34. Kf2 $14) 32... Nxe4 $1 33. Qd1 (33. Rxe4 Qg6+ $19)
33... Qg6+ 34. Kf1 Nd6 $15 {[%csl Rd5,Rf2,Rf4,Rh2] Die Lage hat sich völlig
geändert: materiell und positionell steht Schwarz besser. Die meisten weissen
Bauern sind jetzt schwach.} 35. Re3 $1 Ndf5 (35... f6 $5 36. Re6 Nef5 37. Rb6
Rd8 $17) 36. Re5 Rd8 37. Qe2 Rd7 38. Rbe4 {[%cal Ge2e8]} Qf6 $2 {Das vergibt
wieder alles.} (38... Rc7 $1 39. Rxe7 $2 Nxe7 40. Rxe7 Rc1+ $19) 39. Rxf5 $1
Qxf5 40. Rxe7 $18 Qb1+ 41. Kg2 Qg6+ 42. Kf1 Qb1+ 43. Kg2 Qg6+ 44. Kh1 $1 Rxe7
45. Qxe7 Qb1+ 46. Kg2 Qg6+ 47. Kf1 h5 48. Qe8+ Kh7 49. Qe3 Qb1+ 50. Kg2 Qg6+
51. Kf3 Qg4+ 52. Ke4 Qg6+ 53. Kd4 Qb6+ 54. Kc3 Qa5+ 55. Kc2 Qa4+ 56. Kd2 g6 57.
d6 1-0